[Event "ICS rated blitz match"]
[Site "204.178.125.65"]
[Date "1999.11.24"]
[Round "?"]
[White "ComputoJon"]
[Black "Hossa"]
[Result "0-1"]
[WhiteElo "2211"]
[BlackElo "2328"]
[PlyCount "41"]
[EventDate "1999.??.??"]

1. e4 e5 2. Nf3 Nf6 3. Nc3 Bb4 4. Nxe5 d6 5. Nd3 Bxc3 6. dxc3 Nxe4 7. c4 O-O 8.
Be2 Nc6 9. Be3 Be6 10. Nf4 Qh4 11. O-O Rfe8 12. Nd5 Rac8 13. Bf3 Ne5 14. b3
Bxd5 15. cxd5 Nc3 16. Qd2 Nxf3+ 17. gxf3 Qf6 18. Rfe1 Qe5 19. Kh1 Nxd5 20. Bd4
Qh5 21. Rg1 {ComputoJon resigns} 0-1

[Event "ICS rated blitz match"]
[Site "204.178.125.65"]
[Date "1999.11.24"]
[Round "?"]
[White "Hossa"]
[Black "MissSilicon"]
[Result "0-1"]
[WhiteElo "2339"]
[BlackElo "2690"]
[PlyCount "88"]
[EventDate "1999.??.??"]

1. e4 c5 2. Nf3 Nc6 3. d4 cxd4 4. Nxd4 Nf6 5. Nc3 d6 6. Bc4 e6 7. Be3 Be7 8.
Qe2 O-O 9. O-O-O a6 10. Nxc6 bxc6 11. f4 d5 12. e5 Nd7 13. Bd3 Nc5 14. Bxc5
Bxc5 15. Qh5 h6 16. f5 exf5 17. Bxf5 Qb6 18. Rd3 Rb8 19. Nd1 Bxf5 20. Qxf5 Rfe8
21. Rf1 Qc7 22. Rg3 Rxe5 23. Qf6 Rg5 24. Rxg5 hxg5 25. Qxg5 Qxh2 26. Kb1 Bd4
27. Qe7 Bf6 28. Qa7 Re8 29. Qd7 Re6 30. Qc8+ Kh7 31. Rf2 Re1 32. Qg4 Qg3 33.
Qh5+ Kg8 34. Rd2 Qb8 35. b3 Qf4 36. Rd3 Bg5 37. Kb2 Qc1+ 38. Kc3 Re4 39. Rxd5
Qa1+ 40. Kd3 cxd5 41. Qh7+ Kxh7 42. Nc3 Qf1+ 43. Ne2 Qxe2+ 44. Kc3 44... Bf6# {
Hossa checkmated} 0-1

[Event "ICS rated blitz match"]
[Site "204.178.125.65"]
[Date "1999.11.24"]
[Round "?"]
[White "ThunderLips"]
[Black "Hossa"]
[Result "1-0"]
[WhiteElo "2593"]
[BlackElo "2335"]
[PlyCount "65"]
[EventDate "1999.??.??"]

1. Nf3 d5 2. d4 c6 3. c4 e6 4. Nc3 Nf6 5. e3 Bb4 6. Bd2 O-O 7. a3 Be7 8. Bd3
dxc4 9. Bxc4 c5 10. dxc5 Bxc5 11. b4 Bb6 12. O-O e5 13. Nxe5 Qc7 14. f4 Nbd7
15. Nb5 Qb8 16. Nxf7 g6 17. Qb3 Kg7 18. Ng5 Kh8 19. Qd3 a5 20. Ne6 Re8 21. Nd6
Re7 22. Rac1 Ne8 23. Nxe8 axb4 24. Bxb4 Rxe8 25. Bc3+ Kg8 26. Nc7+ Kf8 27. Qd6+
Re7 28. Bf6 Bxe3+ 29. Kh1 Bc5 30. Bxe7+ Kg7 31. Ne8+ Kh6 32. Bg5+ Kh5 33. Be2#
{Hossa checkmated} 1-0

[Event "ICS rated blitz match"]
[Site "204.178.125.65"]
[Date "1999.11.24"]
[Round "?"]
[White "Hossa"]
[Black "PostModernist"]
[Result "1/2-1/2"]
[WhiteElo "2329"]
[BlackElo "2526"]
[PlyCount "129"]
[EventDate "1999.??.??"]

1. Nf3 Nf6 2. g3 g6 3. Bg2 Bg7 4. O-O O-O 5. c4 d6 6. d4 Nc6 7. Nc3 a6 8. d5
Na5 9. Qd3 c5 10. Bf4 Bd7 11. b3 b5 12. Rac1 Rb8 13. Rc2 b4 14. Na4 Bf5 15. Qd2
Bxc2 16. Qxc2 Re8 17. Qd3 Nb7 18. Rd1 Qd7 19. Ng5 Red8 20. Bh3 Qe8 21. e4 h6
22. Nf3 g5 23. e5 gxf4 24. exf6 Bxf6 25. Qe4 fxg3 26. hxg3 Na5 27. Bg4 Qf8 28.
Bh5 Qg7 29. Qe3 Kh8 30. Qe4 Rg8 31. Kf1 Rgf8 32. Qf5 Qh7 33. Qf4 Rbd8 34. Nb6
Bg7 35. Qg4 Qc2 36. Nh4 Qxa2 37. Nf5 Qb2 38. Nxe7 Nxb3 39. Nc6 Rde8 40. Nd7 Rg8
41. Qf4 Qc3 42. Kg2 Qc2 43. Nf6 Bxf6 44. Qxh6+ Qh7 45. Qxf6+ Qg7 46. Qxd6 Rgf8
47. Rh1 Kg8 48. Ne7+ Rxe7 49. Qxe7 Nd4 50. Qxc5 b3 51. Qe7 f5 52. Qh4 b2 53.
Rb1 Nc2 54. d6 Na3 55. d7 Nxb1 56. d8=Q Rxd8 57. Qxd8+ Kh7 58. Qh4 Nd2 59. Bg4+
Kg8 60. Qd8+ Qf8 61. Qg5+ Qg7 62. Qd8+ Qf8 63. Qg5+ Qg7 64. Qd8+ Qf8 65. Qg5+ {
Game drawn by repetition} 1/2-1/2

[Event "ICS rated blitz match"]
[Site "204.178.125.65"]
[Date "1999.11.24"]
[Round "?"]
[White "PostModernist"]
[Black "Hossa"]
[Result "1-0"]
[WhiteElo "2518"]
[BlackElo "2337"]
[PlyCount "67"]
[EventDate "1999.??.??"]

1. e4 e5 2. d4 Nc6 3. Nf3 exd4 4. Bc4 Bc5 5. c3 Qf6 6. e5 Qf5 7. cxd4 Bb4+ 8.
Nc3 d6 9. O-O dxe5 10. d5 Qg4 11. dxc6 Qxc4 12. cxb7 Bxb7 13. Nxe5 Qe6 14. Qa4+
c6 15. Qxb4 O-O-O 16. Bf4 Nf6 17. Nb5 cxb5 18. Qc5+ Bc6 19. Qxa7 Nd5 20. Nxc6
Rd6 21. Qb8+ Kd7 22. Qb7+ Nc7 23. Rad1 Re8 24. Rxd6+ Qxd6 25. Bxd6 Kxd6 26.
Rd1+ Nd5 27. Nd8 Re5 28. Qb8+ Kc5 29. Rc1+ Kd4 30. Nc6+ Kd3 31. Qxe5 Kd2 32.
Qe1+ Kd3 33. Qd1+ Ke4 34. Qf3# {Hossa checkmated} 1-0

[Event "ICS Rated blitz match"]
[Site "204.178.125.65"]
[Date "1999.11.24"]
[Round "?"]
[White "Hossa"]
[Black "PostModernist"]
[Result "0-1"]
[WhiteElo "2329"]
[BlackElo "2526"]
[PlyCount "96"]
[EventDate "1999.??.??"]

1. e4 c5 2. Nf3 Nc6 3. d4 cxd4 4. Nxd4 e5 5. Nb5 d6 6. c4 Be7 7. N1c3 a6 8. Na3
Be6 9. Be3 Rc8 10. Nd5 Bg5 11. Bb6 Qd7 12. Be2 Bd8 13. O-O Nge7 14. Bxd8 Qxd8
15. Nc2 O-O 16. Qd2 Ng6 17. Nce3 Nd4 18. Rad1 Bxd5 19. Nxd5 b5 20. Ne3 Qh4 21.
Bg4 Rc6 22. cxb5 axb5 23. Qb4 Ra8 24. g3 Qf6 25. f4 exf4 26. Nd5 Qg5 27. Rxd4
Qxg4 28. Qxb5 Rc2 29. Ra4 Rac8 30. Nxf4 Nxf4 31. Rxf4 Qd1+ 32. Qf1 Qh5 33. Rf2
Rc1 34. Ra7 Rxf1+ 35. Kxf1 Qh3+ 36. Ke2 f5 37. exf5 Qg4+ 38. Kf1 Qe4 39. Rxg7+
Kxg7 40. f6+ Kg6 41. Re2 Rc1+ 42. Kf2 Qf5+ 43. Ke3 Rd1 44. Rd2 Qg5+ 45. Ke4
Rxd2 46. g4 Qxf6 47. b4 d5+ 48. Ke3 48... Qf2# {Hossa checkmated} 0-1

[Event "ICS rated blitz match"]
[Site "204.178.125.65"]
[Date "1999.11.24"]
[Round "?"]
[White "JudgeTurpin"]
[Black "Hossa"]
[Result "1/2-1/2"]
[WhiteElo "2471"]
[BlackElo "2307"]
[PlyCount "82"]
[EventDate "1999.??.??"]

1. e4 e5 2. Nf3 Nf6 3. Nxe5 d6 4. Nf3 Nxe4 5. d4 d5 6. Bd3 Nc6 7. O-O Bg4 8. c4
Bxf3 9. Qxf3 Nxd4 10. Qe3 Nf5 11. Qe1 Ne7 12. Bxe4 dxe4 13. Qxe4 c6 14. Nc3 f5
15. Qe5 Qb8 16. Qe3 b6 17. a4 Qd6 18. Rd1 Qc7 19. a5 bxa5 20. Qf3 Rd8 21. Bg5
Rxd1+ 22. Rxd1 g6 23. Qe3 h6 24. Bf6 Rh7 25. Qe6 Rf7 26. Na4 Bg7 27. Bxe7 Rxe7
28. Qg8+ Bf8 29. Qxg6+ Rf7 30. Qe6+ Re7 31. Qxf5 Rf7 32. Qe6+ Re7 33. Qg6+ Rf7
34. Qe6+ Re7 35. Qg6+ Rf7 36. g3 Qb7 37. f4 a6 38. Qe4+ Re7 39. Qg6+ Rf7 40.
Qe6+ Re7 41. Qg6+ 41... Rf7 {Game drawn by repetition} 1/2-1/2

[Event "ICS unrated blitz match"]
[Site "204.178.125.65"]
[Date "1999.11.24"]
[Round "?"]
[White "Hossa"]
[Black "Moron"]
[Result "0-1"]
[WhiteElo "2312"]
[BlackElo "2733"]
[PlyCount "48"]
[EventDate "1999.??.??"]

1. d4 Nf6 2. c4 e6 3. a3 d5 4. Nc3 Be7 5. Nf3 O-O 6. Bf4 dxc4 7. e4 c5 8. dxc5
Qa5 9. Bd6 Bxd6 10. cxd6 Nxe4 11. Qd4 Nxc3 12. Qxc3 Qxc3+ 13. bxc3 Rd8 14. Rd1
b5 15. Nd4 a6 16. Nc2 Bb7 17. Ne3 Nd7 18. a4 Nc5 19. a5 Na4 20. Rc1 Rxd6 21. f3
Rad8 22. Be2 Rd2 23. Kf2 Nc5 24. Ra1 24... Nd3+ {Hossa resigns} 0-1

[Event "ICS Rated standard match"]
[Site "204.178.125.65"]
[Date "1999.11.24"]
[Round "?"]
[White "Moron"]
[Black "Hossa"]
[Result "1-0"]
[WhiteElo "2630"]
[BlackElo "2317"]
[PlyCount "85"]
[EventDate "1999.??.??"]

1. d4 Nf6 2. c4 e6 3. Nc3 Bb4 4. e3 O-O 5. Bd3 d5 6. Nf3 c5 7. O-O Nc6 8. a3
Bxc3 9. bxc3 dxc4 10. Bxc4 Qc7 11. Bd3 e5 12. Qc2 h6 13. Rb1 Re8 14. e4 cxd4
15. cxd4 exd4 16. Nxd4 Rd8 17. Nb5 Qe7 18. Bf4 Nh5 19. Be3 a6 20. Nc3 Qxa3 21.
Nd5 Qd6 22. Bb6 Rd7 23. Bc5 Qe6 24. Nb6 Nf4 25. Bc4 Qg6 26. g3 Rb8 27. Nxd7
Nh3+ 28. Kg2 Bxd7 29. f4 Bg4 30. Bd5 b5 31. Qa2 a5 32. f5 Qf6 33. Qb2 Qxb2+ 34.
Rxb2 Ng5 35. Kf2 Ne5 36. Bd6 Nd3+ 37. Ke3 Nxb2 38. Bxb8 a4 39. h4 Nh3 40. Rc1
Bh5 41. g4 Bxg4 42. Rc8+ Kh7 43. Bxf7 {Hossa resigns} 1-0

[Event "ICS Unrated blitz match"]
[Site "204.178.125.65"]
[Date "1999.11.24"]
[Round "?"]
[White "Moron"]
[Black "Hossa"]
[Result "1-0"]
[WhiteElo "2726"]
[BlackElo "2312"]
[PlyCount "64"]
[EventDate "1999.??.??"]

1. d4 Nf6 2. c4 c5 3. d5 b5 4. cxb5 a6 5. Nc3 axb5 6. e4 b4 7. Nb5 d6 8. Bf4 g5
9. Bxg5 Nxe4 10. Bf4 Qa5 11. Bc4 Bg7 12. Qe2 b3+ 13. Kd1 f5 14. f3 O-O 15. fxe4
fxe4 16. Bd2 Qb6 17. a4 Bxb2 18. Rb1 Be5 19. Bxb3 Bf4 20. Bc3 Bf5 21. g4 Bg6
22. Nh3 Bh6 23. g5 Bg7 24. Bc2 Be5 25. Bxe5 dxe5 26. Nc3 Qa5 27. Nxe4 Qd8 28.
Nc3 Bxc2+ 29. Kxc2 Qd7 30. Qe3 Qd6 31. Nf2 Nd7 32. Nfe4 32... Qa6 {
Hossa resigns} 1-0

[Event "ICS Rated blitz match"]
[Site "204.178.125.65"]
[Date "1999.11.24"]
[Round "?"]
[White "LoadedGun"]
[Black "Hossa"]
[Result "1/2-1/2"]
[WhiteElo "1913"]
[BlackElo "2312"]
[PlyCount "225"]
[EventDate "1999.??.??"]

1. c4 e5 2. Nf3 e4 3. Nd4 Nc6 4. Nxc6 dxc6 5. Nc3 Be6 6. e3 Nf6 7. d4 exd3 8.
Bxd3 Ng4 9. Be2 Qxd1+ 10. Nxd1 Bd6 11. h4 O-O-O 12. O-O Be7 13. h5 Rd7 14. e4
Ne5 15. b3 Bf6 16. Rb1 Rhd8 17. Be3 Kb8 18. a3 Ng4 19. Bf4 Be7 20. Ra1 g5 21.
hxg6 hxg6 22. Ne3 Nf6 23. Bf3 Rd3 24. Rfb1 Ne8 25. Ng4 g5 26. Be3 f6 27. Ra2
Ng7 28. a4 c5 29. a5 a6 30. Be2 Bxg4 31. Bxg4 Rh8 32. Be2 Rd7 33. Bg4 Rd3 34.
Be2 Rd7 35. Bg4 Rd3 36. g3 c6 37. Rc2 Kc7 38. Rcc1 Re8 39. Rc2 Rh8 40. Rcc1 Re8
41. Bf3 Ne6 42. Be2 Rdd8 43. Bh5 Rh8 44. Bg4 Nd4 45. Rd1 Rhe8 46. Bh5 Rh8 47.
Bg4 Rhe8 48. Bh5 Rh8 49. g4 Ne2+ 50. Kh1 Nc3 51. Rxd8 Bxd8 52. Ra1 Nxe4 53. Kg2
Kd6 54. Bg6 Nc3 55. f4 Rg8 56. f5 Rh8 57. Bg1 Rh4 58. Bh5 Ne2 59. Rd1+ Kc7 60.
Bxc5 Nf4+ 61. Kf3 Kc8 62. Be8 Rh3+ 63. Ke4 Rxb3 64. Bd7+ Kb8 65. Bxc6 Bxa5 66.
Bd6+ Bc7 67. Bxc7+ Kxc7 68. Bd5 Rg3 69. Be6 Rxg4 70. Kf3 Rh4 71. Rd7+ Kc6 72.
c5 Kxc5 73. Rxb7 a5 74. Rf7 Rh6 75. Ra7 Rh3+ 76. Ke4 Rh4 77. Kf3 Kb4 78. Rd7 a4
79. Rf7 Rh6 80. Rb7+ Kc3 81. Bd7 a3 82. Ra7 Kd4 83. Ra4+ Kd5 84. Be6+ Nxe6 85.
fxe6 Kxe6 86. Ra6+ Kd5 87. Ra5+ Kc4 88. Ra7 Kc5 89. Kg4 Rh4+ 90. Kf5 Rf4+ 91.
Kg6 Kb4 92. Rb7+ Kc4 93. Rc7+ Kd4 94. Ra7 Rf3 95. Rd7+ Ke5 96. Rb7 Kf4 97. Ra7
Kg4 98. Ra4+ Kg3 99. Ra6 g4 100. Kh5 f5 101. Ra7 Re3 102. Ra8 f4 103. Ra5 f3
104. Rd5 a2 105. Rd1 Re5+ 106. Kg6 Ra5 107. Ra1 Kg2 108. Kf6 Ra6+ 109. Ke5 f2
110. Kd5 f1=R 111. Rxf1 Kxf1 112. Ke4 Re6+ 113. Kf5 {
Hossa ran out of time and LoadedGun has no material to mate} 1/2-1/2

[Event "ICS rated blitz match"]
[Site "204.178.125.65"]
[Date "1999.11.24"]
[Round "?"]
[White "Hossa"]
[Black "Lonnie"]
[Result "0-1"]
[WhiteElo "2299"]
[BlackElo "2833"]
[Annotator "Hiarcs 7.32 (11s)"]
[PlyCount "129"]
[EventDate "1999.??.??"]

1. e4 c5 2. Nf3 d6 3. Bc4 Nf6 4. Nc3 e6 5. O-O (5. d4 cxd4 6. Qxd4 Nc6 7. Bb5
Bd7 8. Bxc6 Bxc6 9. O-O e5 10. Qe3 Be7 11. Rd1 O-O 12. Qd3 Qb6 13. Qe3 Qxe3 14.
Bxe3 Bxe4 15. Nxe4 Nxe4 16. Re1 Nf6 17. Red1 Ng4 18. h3 Nxe3 19. fxe3 19...
Rfd8 {Hudournik,P-Stiri,A/WchJW-U10 Szeged 1994/TD 94\01/0-1 (78)}) 5... Nbd7
$146 (5... a6 6. d3 Nc6 7. h3 b5 8. Bb3 Bb7 9. a3 Be7 10. Ne2 Qc7 11. Ng3 O-O
12. Bf4 e5 13. Be3 Rfd8 14. Ng5 d5 15. exd5 Na5 16. Ba2 Bxd5 17. Bxd5 Nxd5 18.
Qh5 Bxg5 19. Qxg5 f6 20. Qg4 {
Bonnaire,R-Kowalczyk,J/Bad Woerishofen 1992/EXT 92ch/1-0 (53)}) 6. d4 cxd4 7.
Qxd4 Be7 8. Rd1 O-O 9. Bg5 Qc7 10. Be2 b6 11. Rd2 a6 12. Rad1 Bb7 13. Rd3 e5
14. Qe3 Ng4 15. Qd2 f6 16. Be3 f5 17. Nd5 $4 (17. Rxd6 Bxd6 18. Qxd6 Qxd6 19.
Rxd6 Nxe3 20. Rxd7 Bc8 21. Rc7 Ng4 22. Bc4+ Kh8 23. h3 fxe4 24. Nxe4 Nf6 25.
Nd6 $16) 17... Bxd5 18. exd5 f4 19. Qb4 a5 20. Qa4 b5 21. Qxb5 fxe3 22. fxe3
Rab8 23. Qc6 Qa7 24. Qc3 Nc5 25. Nxe5 Nxe5 26. Rd4 Bf6 27. b4 axb4 28. Qd2 Qxa2
29. Rf1 Bg5 30. h4 Nb3 31. cxb3 Qxd2 32. Rxd2 Bxe3+ 33. Kh1 Rxf1+ 34. Bxf1 Bxd2
35. Kh2 Kf7 36. Be2 Rc8 37. h5 Rc3 38. Bd1 Nd3 39. Bg4 Nc1 40. Bf5 h6 41. g3
Nxb3 42. g4 Bf4+ 43. Kg2 Nd2 44. Kf2 b3 45. Bg6+ Kf6 46. Kg2 b2 47. Bf5 b1=Q
48. Bxb1 Nxb1 49. Kf2 Rd3 50. Ke2 Rxd5 51. Kf3 Bg5 52. Ke4 Re5+ 53. Kd3 d5 54.
Kd4 Ke6 55. Kc5 55... Re4 {Mit der Mattdrohung Rc4} 56. Kc6 56... d4 {
Droht Matt} 57. Kc5 57... d3 {Es droht Matt} 58. Kc6 (58. Kb5 {
holt die Kuh nicht vom Eis} 58... d2 59. Ka6 d1=Q 60. Kb7 Rb4+ 61. Ka6 Qa4#)
58... d2 59. Kc5 (59. Kb5 {hilft auch nicht mehr} 59... d1=Q 60. Kb6 Rb4+ 61.
Ka5 Qa4#) 59... d1=Q 60. Kc6 Qd5+ (60... Rb4 61. Kc5 Qd6#) 61. Kc7 (61. Kb6 {
kann das Vorangegangene nicht ungeschehen machen} 61... Nc3 62. Kc7 Rb4 63. Kc8
Qd7#) 61... Rc4+ (61... Rb4 62. Kc8 Qd7#) 62. Kb6 (62. Kb8 {
aendert den traurigen Lauf der Dinge nicht} 62... Qd7 63. Ka8 Rc8#) 62... Be3+
63. Ka6 Qc5 (63... Ra4#) 64. Kb7 (64. g5 {macht keinen grossen Unterschied}
64... Qb6#) 64... Qc6+ (64... Qc8#) 65. Kb8 0-1

[Event "ICS Rated blitz match"]
[Site "204.178.125.65"]
[Date "1999.11.24"]
[Round "?"]
[White "MissSilicon"]
[Black "Hossa"]
[Result "1-0"]
[WhiteElo "2688"]
[BlackElo "2298"]
[PlyCount "93"]
[EventDate "1999.??.??"]

1. e4 e5 2. f4 Nf6 3. fxe5 Nxe4 4. Nf3 d5 5. d3 Nc5 6. d4 Ne4 7. Nbd2 c5 8. Bd3
Nxd2 9. Qxd2 Nc6 10. O-O cxd4 11. Qf4 Be6 12. Ng5 Qd7 13. Nxh7 Be7 14. Ng5 Bb4
15. a3 Ba5 16. b4 Bc7 17. Re1 O-O-O 18. Nxe6 fxe6 19. Qg3 Rdf8 20. b5 Na5 21.
Bb2 Bb6 22. Qg4 Bd8 23. g3 Rh6 24. Bxd4 Rfh8 25. Re2 Kb8 26. Rf1 Qe7 27. a4 Bb6
28. Bxb6 axb6 29. Ref2 Ka7 30. h4 Qc7 31. Rf7 Qxe5 32. Qxg7 Qe3+ 33. Kh2 e5 34.
Rf8 Rxf8 35. Rxf8 Qd2+ 36. Kh3 Qc1 37. Qxe5 Qh1+ 38. Kg4 Qd1+ 39. Be2 Nc6 40.
bxc6 Qxe2+ 41. Qxe2 Rh7 42. Qe8 Rg7+ 43. Kh3 b5 44. Qe3+ b6 45. axb5 Rxg3+ 46.
Kxg3 d4 47. Qe7# {Hossa checkmated} 1-0

[Event "ICS Rated standard match"]
[Site "204.178.125.65"]
[Date "1999.11.24"]
[Round "?"]
[White "Hossa"]
[Black "Nicy"]
[Result "1/2-1/2"]
[WhiteElo "2304"]
[BlackElo "2079"]
[PlyCount "85"]
[EventDate "1999.??.??"]

1. e4 c5 2. Nf3 Nc6 3. d4 cxd4 4. Nxd4 g6 5. Nc3 Bg7 6. Be3 Nf6 7. Bc4 Qa5 8.
O-O O-O 9. Nb3 Qd8 10. Qd2 Re8 11. Bh6 Bh8 12. Qg5 d6 13. f3 Be6 14. Bxe6 fxe6
15. Rad1 Ne5 16. Nd4 Qc8 17. Rf2 Nf7 18. Qe3 Nxh6 19. Qxh6 Bg7 20. Qh3 e5 21.
Ne6 Kf7 22. Nxg7 Qxh3 23. gxh3 Kxg7 24. f4 exf4 25. Rxf4 Rf8 26. Rdf1 a6 27.
Nd5 Nxd5 28. exd5 Rxf4 29. Rxf4 Rc8 30. c3 Rc5 31. Rd4 Kf6 32. Rd3 Ke5 33. Re3+
Kf6 34. Rf3+ Kg7 35. Rd3 b5 36. Kg2 Kf6 37. Kf3 h6 38. Rd2 Rc4 39. Re2 Rh4 40.
Kg2 Rh5 41. Rd2 Rh4 42. Re2 Rh5 43. Rd2 {Game drawn by mutual agreement}
1/2-1/2

[Event "ICS Rated standard match"]
[Site "204.178.125.65"]
[Date "1999.11.24"]
[Round "?"]
[White "Nicy"]
[Black "Hossa"]
[Result "1/2-1/2"]
[WhiteElo "2088"]
[BlackElo "2295"]
[PlyCount "98"]
[EventDate "1999.??.??"]

1. d4 d5 2. Nf3 Nf6 3. c3 e6 4. Bg5 c5 5. e3 Qb6 6. Qb3 Nbd7 7. Nbd2 Bd6 8. Be2
O-O 9. O-O Qc7 10. Qc2 Re8 11. Rac1 Ng4 12. h3 Nh2 13. Nxh2 Bxh2+ 14. Kh1 Bd6
15. f4 f6 16. Bh4 g6 17. Bf3 Be7 18. Qd3 Qb6 19. b3 cxd4 20. cxd4 Ba3 21. Rc2
Qd8 22. Nb1 Bb4 23. Rfc1 Qb6 24. Be1 Bd6 25. Qc3 Rb8 26. Qa5 Qxa5 27. Bxa5 b6
28. Bc3 Bb7 29. Bb2 Rbc8 30. Rxc8 Rxc8 31. Rxc8+ Bxc8 32. Ba3 Bxa3 33. Nxa3 Ba6
34. Kg1 Bd3 35. Kf2 h5 36. Be2 Bxe2 37. Kxe2 a6 38. Nc2 Kf7 39. g4 f5 40. g5
Nb8 41. Nb4 a5 42. Nd3 Nc6 43. Ne5+ Nxe5 44. fxe5 b5 45. a4 b4 46. h4 Ke7 47.
Kf2 Kd7 48. Ke2 Ke7 49. Kf2 49... Kd7 {Game drawn by mutual agreement} 1/2-1/2

[Event "ICS Rated standard match"]
[Site "204.178.125.65"]
[Date "1999.11.24"]
[Round "?"]
[White "Hossa"]
[Black "Moron"]
[Result "0-1"]
[WhiteElo "2286"]
[BlackElo "2635"]
[Annotator "Hiarcs 7.32 (11s)"]
[PlyCount "42"]
[EventDate "1999.??.??"]

1. e4 c5 2. Nf3 e6 3. d4 cxd4 4. Nxd4 a6 5. c4 Nf6 6. Nc3 Bb4 7. Bd3 Nc6 8. a3
$146 (8. Nde2 Qc7 (8... d6 9. O-O Bc5 10. h3 h6 (10... Ne5 11. Bf4 Bd7 12. Qd2
Rc8 13. b3 Bc6 14. Be3 O-O 15. Rad1 Bb4 16. f4 Nxd3 17. Qxd3 b5 18. cxb5 axb5
19. Bd4 Ra8 20. Ng3 Bxc3 21. Qxc3 Nxe4 22. Nxe4 Bxe4 23. Bxg7 Rxa2 24. Rf2 Rxf2
25. Kxf2 Qh4+ 26. g3 Qxh3 27. Bxf8 Qg2+ 28. Ke1 Kxf8 29. Rxd6 Ke7 30. Qc7+ Kf6
31. Qd8+ Kg7 32. Qg5+ Bg6 33. Qe5+ Kh6 34. Qe3 Bf5 35. Qf2 Qe4+ 36. Qe2 Qb4+
37. Rd2 Qxb3 38. Kf2 Qc3 39. Qe3 Qc1 40. g4 Bxg4 41. Kg3 Kg6 42. Kxg4 b4 43.
Kh3 Qh1+ 44. Rh2 Qd1 45. Qg3+ {
1-0 Konikowski,J-Farago,I/Dortmund-B 1988/CBM 07 (45)}) 11. b3 O-O 12. Bb2 Bd7
13. Kh1 Ne5 14. Ng3 Nfg4 15. Kg1 Qh4 16. Nh1 Bc6 17. Bc2 Nf6 18. Re1 Nh5 19.
Ne2 f5 20. exf5 Qg5 21. Neg3 21... Nxg3 {
0-1 Ehlvest,J-Ivanchuk,V/Tallinn rapid 1996/EXP 50 (21)}) 9. O-O Ng4 10. Bf4
Nge5 11. Kh1 O-O 12. Rc1 b6 13. Bb1 Bb7 14. a3 Bd6 15. Na4 Nxc4 16. Bxd6 Nxd6
17. Nxb6 Qxb6 18. Qxd6 Qxb2 19. Nc3 Rac8 20. Na4 Qd4 21. Qxd4 Nxd4 22. Nc5
22... Rc7 {Quinones,O-Portisch,L/Amsterdam izt 1964/IZT/0-1 (56)}) (8. Nf3 d5
9. O-O dxc4 10. Bxc4 Qxd1 11. Rxd1 Bxc3 12. bxc3 Nxe4 13. Re1 Nd6 14. Bd5 Bd7
15. Rb1 O-O-O 16. Bb3 h6 17. Be3 Nb5 18. Bb6 Nc7 19. Rbd1 Be8 20. Rc1 Rd3 21.
Bd4 Nxd4 22. cxd4 Kb8 23. h3 Nb5 24. d5 exd5 25. Ne5 Rc3 26. Bxd5 f6 27. Rxc3
Nxc3 28. Nf7 Bxf7 29. Bxf7 Rc8 30. Kh2 Rc7 31. Bg8 Rd7 32. Re3 Nd1 33. Re1 b5
34. Kg3 Ka7 35. Kh4 g6 36. g4 Rd3 37. Bb3 g5+ 38. Kh5 Rxh3+ 39. Kg6 Nc3 40. Re3
Rxe3 41. fxe3 Ne4 42. Kxh6 42... Nf2 {
Niedermaier,H-Gerusel,M/BL 8788 1988/BL 80/1/2-1/2 (55)}) 8... Bxc3+ 9. bxc3
Qa5 10. Ne2 d6 11. O-O O-O 12. Kh1 Bd7 13. Rb1 Ne5 14. f4 Nxd3 15. Qxd3 Bc6 16.
Ng3 h5 17. Qxd6 h4 18. Qe5 Qd8 19. Nh5 Qd3 20. Bb2 h3 21. Rbe1 Qc2 (21... Qc2
22. gxh3 Nxh5 23. Qxh5 $19) 0-1

[Event "ICS Rated standard match"]
[Site "204.178.125.65"]
[Date "1999.11.24"]
[Round "?"]
[White "Moron"]
[Black "Hossa"]
[Result "1-0"]
[WhiteElo "2639"]
[BlackElo "2282"]
[PlyCount "109"]
[EventDate "1999.??.??"]

1. d4 d5 2. c4 e6 3. Nc3 Nf6 4. Qc2 Bb4 5. cxd5 exd5 6. Bg5 h6 7. Bh4 O-O 8. e3
Re8 9. Nf3 Nc6 10. Bb5 a6 11. Bxc6 bxc6 12. O-O Re6 13. Na4 g5 14. Bg3 Nd7 15.
Rac1 a5 16. Ne5 Nxe5 17. Bxe5 Ba6 18. Rfd1 Qb8 19. h4 g4 20. h5 Ra7 21. a3 Be7
22. Qf5 Bc8 23. Qxg4+ Rg6 24. Qf4 Rg5 25. Rxc6 Be6 26. Nc5 Qb5 27. Nxe6 Qxc6
28. Nxg5 Bxg5 29. Qg4 Qe6 30. Qxe6 fxe6 31. Rc1 Rb7 32. Rxc7 Rxc7 33. Bxc7 a4
34. Bf4 Bxf4 35. exf4 Kg7 36. g4 Kf6 37. Kg2 Kg7 38. g5 Kf8 39. Kf3 Kg8 40. f5
exf5 41. Kf4 hxg5+ 42. Kxg5 Kh7 43. Kxf5 Kh6 44. Ke6 Kxh5 45. f4 Kg4 46. f5 Kh5
47. f6 Kg6 48. f7 Kg7 49. Ke7 Kg6 50. f8=Q Kg5 51. Qf3 Kh4 52. Ke6 Kg5 53. Qg3+
Kh5 54. Kf5 Kh6 55. Qg6# {Hossa checkmated} 1-0

[Event "ICS Rated standard match"]
[Site "204.178.125.65"]
[Date "1999.11.24"]
[Round "?"]
[White "Hossa"]
[Black "Moron"]
[Result "0-1"]
[WhiteElo "2278"]
[BlackElo "2643"]
[PlyCount "130"]
[EventDate "1999.??.??"]

1. e4 d5 2. exd5 Nf6 3. d4 Nxd5 4. c4 Nb6 5. Nf3 g6 6. Be2 Bg7 7. Be3 O-O 8.
Qd2 Bg4 9. h3 Bxf3 10. gxf3 c5 11. d5 Na4 12. Nc3 Nxc3 13. bxc3 Qa5 14. Rc1 Nd7
15. Rc2 Qa4 16. Rb2 Nb6 17. Qc2 Qxc2 18. Rxc2 Rac8 19. Rg1 e6 20. dxe6 fxe6 21.
Kf1 Na4 22. Bd2 Rcd8 23. h4 a6 24. Rg4 Rd6 25. Kg2 Kf7 26. Re4 Rfd8 27. Be1 Bf6
28. Kh3 Rb6 29. Bd2 Rb2 30. Rxb2 Nxb2 31. Be1 Nd1 32. Bxd1 Rxd1 33. Re3 Ra1 34.
Re2 Rc1 35. Re3 h5 36. f4 b6 37. f3 Rc2 38. a4 Rc1 39. Kg3 Ra1 40. Re2 Rxa4 41.
Re4 a5 42. Kh2 Ra2+ 43. Kg3 a4 44. Re3 a3 45. Rd3 Ra1 46. Bf2 Ke7 47. f5 a2 48.
fxe6 Rb1 49. Rd7+ Kxe6 50. Ra7 a1=Q 51. Rxa1 Rxa1 52. Be3 Bxc3 53. Bf2 Ra4 54.
Kg2 Rxc4 55. Kh3 b5 56. Be3 b4 57. f4 Bf6 58. Kh2 b3 59. Kg3 b2 60. Kg2 b1=Q
61. f5+ Qxf5 62. Bf2 Rc2 63. Kh1 Qh3+ 64. Kg1 Rc1+ 65. Be1 65... Bd4# {
Hossa checkmated} 0-1

[Event "ICS rated standard match"]
[Site "204.178.125.65"]
[Date "1999.11.24"]
[Round "?"]
[White "chess-buster"]
[Black "Hossa"]
[Result "0-1"]
[WhiteElo "2117"]
[BlackElo "2275"]
[PlyCount "36"]
[EventDate "1999.??.??"]

1. d4 d5 2. c4 dxc4 3. Nf3 Nf6 4. e3 e6 5. Bxc4 c5 6. O-O a6 7. Nc3 b5 8. Bb3
Bb7 9. Qe2 cxd4 10. Rd1 b4 11. Na4 d3 12. Rxd3 Nbd7 13. a3 Qb8 14. axb4 Bxb4
15. Nd4 Bd6 16. f3 Bxh2+ 17. Kh1 Qg3 18. Bd2 18... Qh4 {chess-buster resigns}
0-1

[Event "ICS rated blitz match"]
[Site "204.178.125.65"]
[Date "1999.11.24"]
[Round "?"]
[White "PackMaster"]
[Black "Hossa"]
[Result "1-0"]
[WhiteElo "2538"]
[BlackElo "2295"]
[PlyCount "73"]
[EventDate "1999.??.??"]

1. e4 e5 2. Nf3 Nf6 3. Nxe5 d6 4. Nf3 Nxe4 5. d4 d5 6. Bd3 Nc6 7. O-O Bg4 8. c4
Bxf3 9. Qxf3 Nxd4 10. Qe3 Nf5 11. Qf4 Ne7 12. Bxe4 dxe4 13. Qxe4 c6 14. Nc3 f5
15. Qf4 Qc8 16. Re1 Kf7 17. c5 Nd5 18. Nxd5 cxd5 19. Qf3 Kf6 20. Be3 Qd7 21.
Bd4+ Kg6 22. Re5 Rd8 23. Rae1 a6 24. Re6+ Kf7 25. Bxg7 Bxg7 26. Rd6 Qxd6 27.
cxd6 Rxd6 28. Qh5+ Rg6 29. Qxf5+ Rf6 30. Qh5+ Kg8 31. Qxd5+ Kf8 32. Qd7 Kg8 33.
Re7 Rf7 34. Qc8+ Bf8 35. Qg4+ Bg7 36. Re8+ Rf8 37. Qe6# {Hossa checkmated} 1-0

[Event "ICS rated standard match"]
[Site "204.178.125.65"]
[Date "1999.11.24"]
[Round "?"]
[White "Hossa"]
[Black "Beadle"]
[Result "0-1"]
[WhiteElo "2275"]
[BlackElo "2284"]
[PlyCount "106"]
[EventDate "1999.??.??"]

1. e4 Nf6 2. e5 Nd5 3. d4 d6 4. Nf3 Bg4 5. c4 Nb6 6. exd6 exd6 7. Be2 Nc6 8.
O-O Be7 9. d5 Bxf3 10. Bxf3 Ne5 11. Be2 Bf6 12. a4 a5 13. Nc3 O-O 14. Qb3 Ned7
15. Ne4 Re8 16. Qc2 Be5 17. Bf3 h6 18. g3 f5 19. Nd2 Qf6 20. Bh5 g6 21. Bf3 Nc5
22. Nb1 Qg7 23. Ra2 Nbxa4 24. Rxa4 Nxa4 25. Qxa4 Bxb2 26. Bd2 h5 27. Re1 Rxe1+
28. Bxe1 Bd4 29. Qb5 b6 30. Qc6 Rf8 31. Bd2 g5 32. Na3 f4 33. g4 Bc5 34. Nc2
Qh7 35. Ne1 hxg4 36. Bxg4 Bxf2+ 37. Kf1 Bxe1 38. Be6+ Kh8 39. Kxe1 Qe4+ 40. Kd1
Qb1+ 41. Bc1 f3 42. Bf5 Qxf5 43. Bb2+ Kh7 44. Bd4 f2 45. Bxf2 Qb1+ 46. Ke2 Qc2+
47. Ke1 Qxf2+ 48. Kd1 Qg1+ 49. Kc2 Rf2+ 50. Kb3 Qb1+ 51. Kc3 Qb2+ 52. Kd3 Qd2+
53. Ke4 53... Rf4# {Hossa checkmated} 0-1